Juegos Olímpicos de Verano de 2024: los 20 países más destacados - Estadísticas

Estadísticas generales
  • Esta prueba ha sido intentada 51 veces
  • La puntuación promedio es 14 de 20
Estadísticas de respuestas
oro medallas comienza con país % Correcto
40 91 C China
100%
40 126 E Estados Unidos
100%
16 64 F Francia
100%
20 45 J Japón
98%
18 53 A Australia
90%
12 40 I Italia
82%
12 33 A Alemania
80%
5 18 E España
78%
4 11 K Kenia
73%
9 27 C Canadá
63%
15 34 P Países Bajos
63%
4 11 S Suecia
63%
6 19 H Hungría
61%
3 20 B Brasil
57%
13 32 C Corea del Sur
57%
8 13 U Uzbekistán
55%
14 65 G Gran Bretaña
51%
10 20 N Nueva Zelanda
51%
4 8 N Noruega
47%
4 7 I Irlanda
37%
No se encontraron pruebas coincidentes
Distribución de puntuación
Porcentaje de gente con cada puntuación
Porcentaje por número respondido
Historial de tus puntuaciones
No has intentado esta prueba.